Ο άνθρωπος που αποκρυπτογράφησε τη Γραμμική Β : ιστορία του Μάικλ Βέντρις

Saved in:
Bibliographic Details
Main Author: Robinson, Andrew, 1957-
Format: Book
Language:Greek
English
Published: Αθήνα : Πατάκη, c2003.
Subjects:
Tags: Add Tag
No Tags, Be the first to tag this record!

MARC

LEADER 00000cam a2200000 i 4500
001 1/84689
008 080513s2003 gr | ||| |||| ||gre||
020 |a 9601612041 
035 |l 10097242 
040 |a GR-MyUa  |b gre  |e AACR2 
041 1 |a gre  |h eng 
082 7 |a 487.1   |2 (22) 
100 1 |a Robinson, Andrew,   |d 1957- 
245 1 2 |a Ο άνθρωπος που αποκρυπτογράφησε τη Γραμμική Β :   |b ιστορία του Μάικλ Βέντρις /   |c Andrew Robinson ; μετάφραση Ιωάννης Ν. Αρβανίτης ; παράρτημα στην ελληνική έκδοση Χαράλαμπος Ε. Μαραβέλιας.  
260 |a Αθήνα :   |b Πατάκη,   |c c2003.  
300 |a 215 σ. :   |b εικ. ;   |c 21 εκ. 
504 |a Βιβλιογραφία: σ. [188]-193. Ευρετήριο.  
600 1 0 |a Ventris, Michael. 
650 0 |a Inscriptions, Linear B. 
650 0 |a Archaeologists  |z Great Britain  |v Biography. 
852 |a INST  |b SYROS  |e 20080513  |h 487.1 ROB  |p 005500005979  |q 005500005979  |t BK  |y 0 
901 |a BIBL5-2008-2 
922 |a 5ΕΛΗ  |b 200711  |c ΕΠΕΑΕΚ2/ΤΜΣΠΣ  |d Σ. Πατάκης 
970 |a Κοντού  |b Παρασκευή  |z 13/05/2008